| 000 | 01073nam a2200277Ia 4500 | ||
|---|---|---|---|
| 000 | nam a22 i 4500 | ||
| 001 | UNACH-9861 | ||
| 007 | ta | ||
| 008 | 221212s ||||fr|||| 00| | spa d | ||
| 020 | _a968-20-3263-4 | ||
| 041 | 0 | _aspa | |
| 082 | 0 | 4 |
_a371.3 _bDidáctica o dirección de Aprendizaje |
| 100 | 1 |
_aBrown, William F., _eautor |
|
| 245 | 1 | 0 | _aGuía de estudio efectivo |
| 264 | 3 | 1 |
_a[México, D.F.] : _aMéxico : _bTrillas, _c1975 |
| 300 |
_a103 páginas : _bilustraciones |
||
| 336 |
_atexto _btxt _2rdacontent |
||
| 337 |
_ano mediado _bn _2rdamedia |
||
| 338 |
_avolumen _bnc _2rdacarrier |
||
| 504 | _aIncluye índice. | ||
| 505 | 0 | _aCómo administrar el tiempo.-- Cómo mejorar la concentración.-- Cómo mejorar la memoria.-- Cómo leer libros de texto.-- Cómo toma apuntes.--Cómo escribir temas e informes.-- Cómo presentar exámenes.-- Cómo hacer informes orales.-- Cómo mejorar la motivación escolar.-- Cómo mejorar las relaciones interpersonales. | |
| 650 | 1 | 4 | _aESTUDIO-MÉTODO |
| 650 | 2 | 4 | _aESTUDIO |
| 942 |
_2ddc _c1 _n0 |
||
| 999 |
_c8036 _d8036 |
||